Техника для всех: рекомендательный указатель научно-популярной литературы

Bibliografiske detaljer
Hovedforfatter: Гранский В. И.
Andre forfattere: Крючковский С. А.
Summary:Исключено из фонда НТБ ТПУ
Sprog:russisk
Udgivet: Москва, Книга, 1969
Format: MixedMaterials Bog
KOHA link:https://koha.lib.tpu.ru/cgi-bin/koha/opac-detail.pl?biblionumber=99958

MARC

LEADER 00000nam0a2200000 4500
001 99958
005 20231031112001.0
035 |a (RuTPU)RU\TPU\book\107508 
090 |a 99958 
100 |a 20060802d1969 m y0rusy50 ca 
101 0 |a rus 
102 |a RU 
105 |a a a 001zy 
200 1 |a Техника для всех  |e рекомендательный указатель научно-популярной литературы  |f В. И. Гранский, С. А. Крючковский 
210 |a Москва  |c Книга  |d 1969 
215 |a 176 с.  |c ил. 
320 |a Алфавитный список книг, включенных в указатель: с. 161 - 172. 
333 |a Исключено из фонда НТБ ТПУ 
700 1 |a Гранский  |b В. И. 
701 1 |a Крючковский  |b С. А. 
801 1 |a RU  |b 63413507  |c 20060802  |g PSBO 
801 2 |a RU  |b 63413507  |c 20110128  |g RCR 
942 |c BK